[Event "Figueira da Foz op"]
[Site "Figueira da Foz POR"]
[Date "2015.11.24"]
[Round "5"]
[White "Spraggett, Kevin"]
[Black "Damaso, Rui"]
[Result "1/2-1/2"]
[WhiteElo "2529"]
[BlackElo "2438"]
[PlyCount "210"]
[EventDate "2015.11.21"]
[EventType "swiss"]
[EventRounds "9"]
[EventCountry "POR"]
[Source "Chessbase"]
[SourceDate "2015.12.04"]

1. d4 Nf6 2. c4 e6 3. Nf3 b6 4. a3 Ba6 5. Qc2 c5 6. d5 exd5 7. cxd5 g6 8. Nc3
Bg7 9. e4 Bxf1 10. Kxf1 d6 11. g3 O-O 12. Kg2 Nbd7 13. h3 Qb8 14. a4 a6 15. Re1
Re8 16. Bf4 Nh5 17. Be3 Qb7 18. g4 Nhf6 19. Bf4 Bf8 20. Rab1 b5 21. axb5 axb5
22. b4 Rac8 23. Qd2 Bg7 24. Bxd6 cxb4 25. Bxb4 Rc4 26. e5 Nxg4 27. hxg4 Nxe5
28. Nxe5 Rxe5 29. f3 h5 30. Rxe5 Bxe5 31. Re1 f6 32. Rxe5 fxe5 33. Ne4 Rd4 34.
Nf6+ Kg7 35. Nxh5+ gxh5 36. Qg5+ Kh7 37. Qxh5+ Kg8 38. Qe8+ Kh7 39. Qh5+ Kg8
40. Qe8+ Kh7 41. Bf8 Rxd5 42. Be7 Rd2+ 43. Kg3 Qd5 44. Bf6 Qd7 45. Qh5+ Kg8 46.
Bxe5 Rd5 47. Qg6+ Kf8 48. Bf4 b4 49. Bh6+ Ke7 50. Bg5+ Kf8 51. Bh6+ Ke7 52.
Qg7+ Kd6 53. Qf8+ Kc6 54. Qxb4 Qd6+ 55. Qxd6+ Kxd6 56. f4 Ke6 57. Bg7 Rb5 58.
Kh4 Rc5 59. Be5 Rc1 60. Kg5 Rg1 61. Bd4 Rg2 62. Bb6 Kf7 63. f5 Rb2 64. Bc7 Rb7
65. Bg3 Rb3 66. Be5 Rb5 67. Kf4 Rb4+ 68. Kf3 Rb3+ 69. Ke4 Rb1 70. Bd4 Re1+ 71.
Be3 Ra1 72. g5 Ra6 73. Bd4 Rd6 74. Be5 Ra6 75. Kf4 Ra4+ 76. Kg3 Ra6 77. Bh8 Kg8
78. Bb2 Rb6 79. Bd4 Rb4 80. Be5 Rb5 81. Kf4 Rb4+ 82. Kf3 Rb5 83. Ke4 Rb1 84. g6
Re1+ 85. Kd5 Rg1 86. Bd4 Rg2 87. Ke4 Rg4+ 88. Ke3 Rg1 89. Kf3 Rg5 90. Kf4 Rg2
91. Be3 Kg7 92. Bd4+ Kg8 93. Be5 Rg1 94. Bc3 Rf1+ 95. Ke4 Rg1 96. Be5 Rg5 97.
Kf4 Rg1 98. Bf6 Rg2 99. Bd4 Kf8 100. Kf3 Rg5 101. Bc5+ Kg8 102. Kf4 Rg2 103.
Be3 Kf8 104. Kf3 Rxg6 105. fxg6 Kg7 1/2-1/2

[Event "Figueira da Foz op"]
[Site "Figueira da Foz POR"]
[Date "2015.11.25"]
[Round "6"]
[White "Jakubowski, Krzysztof"]
[Black "Spraggett, Kevin"]
[Result "1-0"]
[WhiteElo "2564"]
[BlackElo "2529"]
[PlyCount "105"]
[EventDate "2015.11.21"]
[EventType "swiss"]
[EventRounds "9"]
[EventCountry "POR"]
[Source "Chessbase"]
[SourceDate "2015.12.04"]

1. e4 e5 2. Nf3 Nc6 3. Bb5 a6 4. Ba4 Nf6 5. O-O Be7 6. Re1 b5 7. Bb3 d6 8. c3
O-O 9. h3 Na5 10. Bc2 c5 11. d4 Nd7 12. dxc5 dxc5 13. Nbd2 Bb7 14. Nf1 Nc4 15.
Ng3 Nd6 16. Nh2 Re8 17. Ng4 Bf8 18. Qf3 Qc7 19. Be3 Re6 20. Rad1 Nf6 21. Re2
Nxg4 22. hxg4 Nc4 23. Bc1 Rd6 24. Rde1 Rad8 25. Nf5 R6d7 26. g5 Qc6 27. b3 Nb6
28. Re3 c4 29. b4 g6 30. Nh6+ Bxh6 31. gxh6 Na4 32. Qg3 Qe6 33. Rf1 Nb6 34.
Ree1 Na4 35. f4 exf4 36. Bxf4 Nb2 37. Bg5 Re8 38. Rf3 Nd3 39. Bxd3 cxd3 40.
Rxd3 Rxd3 41. Qxd3 Qe5 42. Qd4 Kf8 43. Bf6 Qxd4+ 44. cxd4 Rc8 45. Kf2 Rc2+ 46.
Ke3 Ke8 47. d5 Kd7 48. g4 Bc8 49. g5 Ke8 50. a3 Bh3 51. Bd4 Bg2 52. Kf4 Rc4 53.
Ke5 1-0

[Event "Figueira da Foz op"]
[Site "Figueira da Foz POR"]
[Date "2015.11.26"]
[Round "7"]
[White "Spraggett, Kevin"]
[Black "Petkov, Vladimir"]
[Result "1/2-1/2"]
[WhiteElo "2529"]
[BlackElo "2475"]
[PlyCount "65"]
[EventDate "2015.11.21"]
[EventType "swiss"]
[EventRounds "9"]
[EventCountry "POR"]
[Source "Chessbase"]
[SourceDate "2015.12.04"]

1. e4 e5 2. Nf3 Nc6 3. Bb5 Nf6 4. O-O Nxe4 5. d4 Nd6 6. Bxc6 dxc6 7. dxe5 Nf5
8. Qxd8+ Kxd8 9. h3 Ke8 10. Nc3 h6 11. Rd1 Ne7 12. b3 Ng6 13. Bb2 Be7 14. Ne2
h5 15. Ned4 Bd7 16. Re1 Nf4 17. Re4 Ne6 18. Nxe6 fxe6 19. Bc1 c5 20. Ng5 Rd8
21. c4 Rf8 22. Re1 Rf5 23. h4 Bc8 24. g3 b6 25. Bf4 Bxg5 26. Bxg5 Rd4 27. Be3
Rd7 28. Bf4 Bb7 29. Kf1 Rff7 30. Ke2 Be4 31. f3 Bd3+ 32. Kf2 Bf5 33. Ke3
1/2-1/2

[Event "Figueira da Foz op"]
[Site "Figueira da Foz POR"]
[Date "2015.11.27"]
[Round "8"]
[White "Spraggett, Kevin"]
[Black "Gareev, Timur"]
[Result "0-1"]
[WhiteElo "2529"]
[BlackElo "2584"]
[PlyCount "142"]
[EventDate "2015.11.21"]
[EventType "swiss"]
[EventRounds "9"]
[EventCountry "POR"]
[Source "Chessbase"]
[SourceDate "2015.12.04"]

1. e4 e5 2. Nf3 Nc6 3. Bb5 a6 4. Ba4 Nf6 5. O-O Bc5 6. c3 b5 7. Bc2 d6 8. d4
Bb6 9. Be3 Bg4 10. dxe5 dxe5 11. Qe2 O-O 12. h3 Bxe3 13. Qxe3 Bxf3 14. Qxf3 Na5
15. Rd1 Qe7 16. Nd2 c5 17. Qe3 Qc7 18. Bd3 c4 19. Be2 Nb7 20. b3 cxb3 21. axb3
Qc5 22. Qf3 Nd6 23. b4 Qc6 24. Nb3 Nb7 25. Re1 Rac8 26. Na5 Nxa5 27. Rxa5 h6
28. Bf1 Rfd8 29. Re3 Qb7 30. Qf5 Rd1 31. g3 Re8 32. Kg2 Rd6 33. Be2 g6 34. Qf3
Kg7 35. Ra2 Red8 36. c4 Rd4 37. Rea3 Qxe4 38. cxb5 axb5 39. Bxb5 Rxb4 40. Qxe4
Nxe4 41. Bc6 Nf6 42. Ra7 Rd6 43. Rc2 Rb6 44. Bf3 e4 45. Be2 Rd7 46. Rcc7 Rxc7
47. Rxc7 Ne8 48. Rc2 Kf6 49. h4 Nd6 50. Ra2 Rc6 51. Rb2 Ke5 52. Ra2 Rc5 53. Bf1
Nf5 54. Be2 Nd4 55. Rb2 f5 56. Bd1 f4 57. gxf4+ Kxf4 58. h5 g5 59. Rb8 g4 60.
Rg8 Nf3 61. Rf8+ Kg5 62. Rg8+ Kh4 63. Re8 Re5 64. Rxe5 Nxe5 65. Bc2 Nd3 66. Kf1
Kxh5 67. Ke2 Kg5 68. Ke3 Kf5 69. Ba4 Ke5 70. Bc6 Nb2 71. f4+ exf3 0-1

[Event "Figueira da Foz op"]
[Site "Figueira da Foz POR"]
[Date "2015.11.28"]
[Round "9"]
[White "Vassallo Barroche, Mauricio"]
[Black "Spraggett, Kevin"]
[Result "1/2-1/2"]
[WhiteElo "2398"]
[BlackElo "2529"]
[PlyCount "97"]
[EventDate "2015.11.21"]
[EventType "swiss"]
[EventRounds "9"]
[EventCountry "POR"]
[Source "Chessbase"]
[SourceDate "2015.12.04"]

1. d4 Nf6 2. Nf3 e6 3. e3 c5 4. c4 cxd4 5. exd4 d5 6. Nc3 Bb4 7. cxd5 Nxd5 8.
Bd2 Nc6 9. Bd3 Be7 10. a3 Bf6 11. O-O O-O 12. Qe2 Nxc3 13. Bxc3 g6 14. Rad1 Ne7
15. Bd2 Nd5 16. Bh6 Bg7 17. Qd2 b6 18. Be4 Bb7 19. Rfe1 Rc8 20. h4 Rc7 21. h5
Nf6 22. Bxb7 Rxb7 23. Bxg7 Kxg7 24. h6+ Kg8 25. Qf4 Rd7 26. Rc1 Ne8 27. Re2 Rd5
28. Rec2 Rf5 29. Qe3 Nf6 30. Rc6 Ng4 31. Qd2 Nf6 32. Qe3 Nd5 33. Qd2 a5 34.
R1c4 Rxf3 35. gxf3 Qh4 36. Rc8 Nf4 37. Rxf8+ Kxf8 38. Rc8+ Ke7 39. Qe3 Qg5+ 40.
Kf1 Qxh6 41. Kg1 Qg5+ 42. Kf1 h5 43. Rc7+ Ke8 44. Rb7 h4 45. Rb8+ Ke7 46. Rb7+
Kf8 47. Rb8+ Ke7 48. Rb7+ Ke8 49. Rb8+ 1/2-1/2

[Event "POR-ch final"]
[Site "Mirandela POR"]
[Date "2015.11.12"]
[Round "1"]
[White "Spraggett, Kevin"]
[Black "Silva, Miguel Antonio Neto"]
[Result "1-0"]
[WhiteElo "2529"]
[BlackElo "2178"]
[PlyCount "59"]
[EventDate "2015.11.12"]
[EventType "tourn"]
[EventRounds "5"]
[EventCountry "POR"]
[EventCategory "4"]
[Source "Chessbase"]
[SourceDate "2015.11.20"]

1. e4 c5 2. Nf3 d6 3. d4 cxd4 4. Nxd4 Nf6 5. Nc3 a6 6. a4 e6 7. Be2 Be7 8. O-O
O-O 9. f4 Nc6 10. Be3 Qc7 11. Kh1 Bd7 12. Nb3 b6 13. Bf3 Rac8 14. Qe2 Nb4 15.
Qf2 Rb8 16. Rad1 Bc6 17. Nd4 Ba8 18. Qg3 Kh8 19. Rd2 Rbd8 20. Rdf2 Nd7 21. Bg4
Nc5 22. f5 e5 23. f6 gxf6 24. Nf5 Rg8 25. Nxe7 Qxe7 26. Rxf6 Rg7 27. Bh6 Rdg8
28. Bxg7+ Rxg7 29. Qf3 Kg8 30. Bh5 1-0

[Event "POR-ch final"]
[Site "Mirandela POR"]
[Date "2015.11.12"]
[Round "2"]
[White "Dias, Ivo Rodrigues"]
[Black "Spraggett, Kevin"]
[Result "1/2-1/2"]
[WhiteElo "2205"]
[BlackElo "2529"]
[PlyCount "42"]
[EventDate "2015.11.12"]
[EventType "tourn"]
[EventRounds "5"]
[EventCountry "POR"]
[EventCategory "4"]
[Source "Chessbase"]
[SourceDate "2015.11.20"]

1. d4 Nf6 2. Bg5 b6 3. Nd2 Bb7 4. Ngf3 g6 5. e3 Bg7 6. Bd3 c5 7. c3 d6 8. O-O
O-O 9. Qe2 Nc6 10. a3 Rc8 11. b4 Rc7 12. h3 h6 13. Bh4 Nh5 14. Rac1 Qd7 15.
Rfd1 cxd4 16. cxd4 Rfc8 17. Nb3 Nb8 18. Ne1 Nf6 19. e4 Rxc1 20. Nxc1 Nh5 21.
Qe3 g5 1/2-1/2

[Event "POR-ch final"]
[Site "Mirandela POR"]
[Date "2015.11.13"]
[Round "3"]
[White "Spraggett, Kevin"]
[Black "Viterbo Ferreira, Jorge Joao"]
[Result "1/2-1/2"]
[WhiteElo "2529"]
[BlackElo "2488"]
[PlyCount "50"]
[EventDate "2015.11.12"]
[EventType "tourn"]
[EventRounds "5"]
[EventCountry "POR"]
[EventCategory "4"]
[Source "Chessbase"]
[SourceDate "2015.11.20"]

1. e4 d5 2. exd5 Nf6 3. d4 Bg4 4. Be2 Bxe2 5. Qxe2 Qxd5 6. Nf3 e6 7. c4 Bb4+ 8.
Nc3 Qe4 9. Be3 O-O 10. O-O Bxc3 11. bxc3 Nbd7 12. Nd2 Qf5 13. Nb3 e5 14. h3
Rfe8 15. Rac1 Nf8 16. d5 b6 17. Rfd1 Rad8 18. a4 Ng6 19. a5 Nh4 20. Nd2 Qg6 21.
g3 Nf5 22. Kh2 Nd4 23. Qf1 Nc2 24. Qe2 Nd4 25. Qf1 Nc2 1/2-1/2

[Event "POR-ch final"]
[Site "Mirandela POR"]
[Date "2015.11.13"]
[Round "4"]
[White "Spraggett, Kevin"]
[Black "Campora, Daniel"]
[Result "1-0"]
[WhiteElo "2529"]
[BlackElo "2462"]
[PlyCount "69"]
[EventDate "2015.11.12"]
[EventType "tourn"]
[EventRounds "5"]
[EventCountry "POR"]
[EventCategory "4"]
[Source "Chessbase"]
[SourceDate "2015.11.20"]

1. d4 Nf6 2. c4 g6 3. Nc3 Bg7 4. e4 O-O 5. Bg5 d6 6. h3 c5 7. d5 a6 8. a4 e6 9.
Nf3 exd5 10. cxd5 Re8 11. Bd3 h6 12. Be3 Nbd7 13. O-O Nh7 14. Qd2 h5 15. Bf4
Qe7 16. Rfe1 Ne5 17. Nxe5 Bxe5 18. Bxe5 Qxe5 19. Re3 Bd7 20. a5 Qd4 21. Qc2 c4
22. Bf1 Rac8 23. Ne2 Qg7 24. Qd2 Rc5 25. Nc3 Nf6 26. f4 h4 27. e5 dxe5 28. fxe5
Nh5 29. Qd4 Rcc8 30. Bxc4 Ng3 31. Bd3 g5 32. Rae1 g4 33. hxg4 Bxg4 34. d6 Rcd8
35. Nd5 1-0

[Event "POR-ch final"]
[Site "Mirandela POR"]
[Date "2015.11.14"]
[Round "5"]
[White "Guimaraes, Rui"]
[Black "Spraggett, Kevin"]
[Result "0-1"]
[WhiteElo "2124"]
[BlackElo "2529"]
[PlyCount "65"]
[EventDate "2015.11.12"]
[EventType "tourn"]
[EventRounds "5"]
[EventCountry "POR"]
[EventCategory "4"]
[Source "Chessbase"]
[SourceDate "2015.11.20"]

1. f4 c5 2. Nf3 g6 3. g3 Bg7 4. Bg2 Nc6 5. O-O e6 6. e4 Nge7 7. c3 O-O 8. d3 b6
9. g4 f5 10. gxf5 gxf5 11. e5 Ng6 12. d4 Nce7 13. c4 Ba6 14. b3 b5 15. dxc5
bxc4 16. b4 Rb8 17. a3 Bb7 18. Nc3 Qc8 19. Rf2 a5 20. Rb1 axb4 21. axb4 Nd5 22.
Nxd5 Bxd5 23. Qd4 Qc6 24. Ne1 Kh8 25. Bxd5 exd5 26. Nc2 Rg8 27. Rg2 Nh4 28.
Rxg7 Nf3+ 29. Kf2 Nxd4 30. Rxg8+ Rxg8 31. Nxd4 Qg6 32. Bd2 Qg2+ 33. Ke3 0-1

[Event "Portugal op"]
[Site "Oeiras POR"]
[Date "2015.08.30"]
[Round "1"]
[White "Aflalo, Sophie"]
[Black "Spraggett, Kevin"]
[Result "0-1"]
[WhiteElo "2117"]
[BlackElo "2545"]
[PlyCount "46"]
[EventDate "2015.08.30"]
[EventType "swiss"]
[EventRounds "9"]
[EventCountry "POR"]
[Source "Chessbase"]
[SourceDate "2015.09.11"]

1. e4 d6 2. Nc3 Nf6 3. f4 g6 4. Nf3 Bg7 5. d4 O-O 6. Be3 Nbd7 7. Qd2 e5 8. Bd3
c6 9. h3 Qe7 10. O-O-O b5 11. g4 b4 12. Na4 exd4 13. Bxd4 c5 14. e5 dxe5 15.
Bxe5 Bb7 16. Be2 Nxe5 17. fxe5 Nd5 18. c4 Nb6 19. Nxb6 axb6 20. Qd7 Bh6+ 21.
Kc2 Be4+ 22. Kb3 Qxd7 23. Rxd7 Bc6 0-1

[Event "Portugal op"]
[Site "Oeiras POR"]
[Date "2015.08.31"]
[Round "2"]
[White "Spraggett, Kevin"]
[Black "Rego, Pedro Felipe"]
[Result "1-0"]
[WhiteElo "2545"]
[BlackElo "2236"]
[PlyCount "57"]
[EventDate "2015.08.30"]
[EventType "swiss"]
[EventRounds "9"]
[EventCountry "POR"]
[Source "Chessbase"]
[SourceDate "2015.09.11"]

1. e4 g6 2. d4 Bg7 3. c4 c5 4. d5 b5 5. Nf3 bxc4 6. Bxc4 d6 7. O-O Nf6 8. Nc3
O-O 9. h3 Ba6 10. Bxa6 Nxa6 11. Bg5 h6 12. Bf4 Nd7 13. Qd2 Kh7 14. Rfe1 Rb8 15.
e5 Nb6 16. b3 Rb7 17. Rad1 Nc7 18. Re4 Rh8 19. h4 Qd7 20. Rde1 Nc8 21. h5 g5
22. Qd3 Qf5 23. Bd2 Kg8 24. Qe2 Rb4 25. Rxb4 cxb4 26. Ne4 Nxd5 27. Qd3 Nf4 28.
Bxf4 gxf4 29. Nf6+ 1-0

[Event "Portugal op"]
[Site "Oeiras POR"]
[Date "2015.08.31"]
[Round "3"]
[White "Hoffman, Alejandro"]
[Black "Spraggett, Kevin"]
[Result "1-0"]
[WhiteElo "2433"]
[BlackElo "2545"]
[PlyCount "57"]
[EventDate "2015.08.30"]
[EventType "swiss"]
[EventRounds "9"]
[EventCountry "POR"]
[Source "Chessbase"]
[SourceDate "2015.09.11"]

1. d4 Nf6 2. Nf3 e6 3. c4 b6 4. g3 Ba6 5. b3 Bb4+ 6. Bd2 Be7 7. Bg2 d5 8. O-O
O-O 9. Bc3 Bb7 10. Nbd2 Na6 11. Qc2 c5 12. Rad1 h6 13. cxd5 Nxd5 14. Bb2 Rc8
15. Qb1 cxd4 16. Nxd4 Nc5 17. Nc4 Qe8 18. Nf5 exf5 19. Bxd5 g6 20. Bxb7 Nxb7
21. Qd3 Nc5 22. Qd4 f6 23. Ne3 Qf7 24. Nd5 Bd8 25. Qc4 a5 26. a3 Kg7 27. b4 Be7
28. Qb5 axb4 29. axb4 1-0

[Event "Portugal op"]
[Site "Oeiras POR"]
[Date "2015.09.01"]
[Round "4"]
[White "Spraggett, Kevin"]
[Black "Sanchez Jerez, Emilio"]
[Result "1-0"]
[WhiteElo "2545"]
[BlackElo "2187"]
[PlyCount "81"]
[EventDate "2015.08.30"]
[EventType "swiss"]
[EventRounds "9"]
[EventCountry "POR"]
[Source "Chessbase"]
[SourceDate "2015.09.11"]

1. c4 Nf6 2. Nc3 g6 3. e4 d6 4. d4 Bg7 5. h3 O-O 6. Bg5 Nc6 7. Nf3 e5 8. dxe5
dxe5 9. Qxd8 Nxd8 10. Bxf6 Bxf6 11. Nd5 Bg7 12. Nxc7 Rb8 13. Rd1 Ne6 14. Nxe6
Bxe6 15. Bd3 Rfd8 16. Ke2 f6 17. b3 Bf8 18. Bc2 Rdc8 19. Bd3 a5 20. g4 Bc5 21.
a4 Rf8 22. Bc2 h5 23. gxh5 gxh5 24. Nh4 Kh7 25. Rd5 b6 26. f4 Bxd5 27. exd5+
Kg7 28. Bf5 exf4 29. Kf3 Rbe8 30. Be6 Rxe6 31. dxe6 f5 32. Re1 Kf6 33. Ng2 Bd6
34. Nxf4 Bxf4 35. Kxf4 Ke7 36. Re5 Rd8 37. Rd5 Rg8 38. Ke5 f4 39. Rd7+ Ke8 40.
Ra7 Rg3 41. Kf6 1-0

[Event "Portugal op"]
[Site "Oeiras POR"]
[Date "2015.09.02"]
[Round "5"]
[White "Margarido, Jose Miguel Teixeir"]
[Black "Spraggett, Kevin"]
[Result "0-1"]
[WhiteElo "2021"]
[BlackElo "2545"]
[PlyCount "88"]
[EventDate "2015.08.30"]
[EventType "swiss"]
[EventRounds "9"]
[EventCountry "POR"]
[Source "Chessbase"]
[SourceDate "2015.09.11"]

1. e4 c5 2. Nf3 e6 3. g3 b6 4. Bg2 Bb7 5. Qe2 d6 6. O-O Nf6 7. d3 Be7 8. Re1
O-O 9. Nbd2 Nc6 10. c3 Rc8 11. Nf1 Ne5 12. Nxe5 dxe5 13. f4 exf4 14. Bxf4 Qd7
15. Rad1 Rcd8 16. Rd2 h6 17. Red1 Qc8 18. Kh1 Rd7 19. a3 Nh7 20. d4 cxd4 21.
cxd4 Qa8 22. d5 exd5 23. Bxh6 gxh6 24. Qg4+ Bg5 25. Qxd7 Bxd2 26. Nxd2 dxe4 27.
Qg4+ Ng5 28. Nf1 Qc8 29. Qh5 Qe6 30. h4 Nf3 31. Ne3 Qg6 32. Qxg6+ fxg6 33. Rd6
Kg7 34. Bh3 Rf6 35. Rd7+ Rf7 36. Rd6 h5 37. Be6 Rc7 38. Kg2 Ne5 39. Bb3 Nd3 40.
Nd5 Bxd5 41. Bxd5 Rc2+ 42. Kg1 e3 43. Bf3 Ne5 44. Bd1 e2 0-1

[Event "Portugal op"]
[Site "Oeiras POR"]
[Date "2015.09.02"]
[Round "6"]
[White "Larino Nieto, David"]
[Black "Spraggett, Kevin"]
[Result "1/2-1/2"]
[WhiteElo "2463"]
[BlackElo "2545"]
[PlyCount "180"]
[EventDate "2015.08.30"]
[EventType "swiss"]
[EventRounds "9"]
[EventCountry "POR"]
[Source "Chessbase"]
[SourceDate "2015.09.11"]

1. b3 c5 2. c4 Nf6 3. Bb2 e6 4. Nf3 b6 5. g3 Bb7 6. Bg2 a6 7. O-O d6 8. Nc3
Nbd7 9. Re1 Be7 10. d4 cxd4 11. Qxd4 O-O 12. Rad1 Qc7 13. e4 Rfd8 14. Re2 Rac8
15. h3 Qb8 16. Ne1 h6 17. Kh2 Ba8 18. Nc2 Re8 19. Ba3 Nc5 20. b4 Ncd7 21. b5
axb5 22. Nxb5 Nc5 23. Nxd6 Bxd6 24. Qxd6 Ncxe4 25. Qxb8 Rxb8 26. Rde1 Nc5 27.
Nb4 Rec8 28. Bb2 Bxg2 29. Kxg2 Na4 30. Be5 Rb7 31. Rc2 Rd7 32. g4 Ne8 33. Re3
f6 34. Bg3 Kf7 35. Ra3 Nc5 36. f3 Nd6 37. Nd3 Ke7 38. Nxc5 Rxc5 39. Rac3 Rdc7
40. Bxd6+ Kxd6 41. Rb2 R7c6 42. Rd2+ Kc7 43. Rcd3 Kb7 44. Rd7+ Rc7 45. R7d6 e5
46. h4 Rxc4 47. Kg3 Rc3 48. Rb2 R7c6 49. Rd7+ Rc7 50. Rd6 R3c6 51. Rdd2 Re7 52.
Rb4 Kc7 53. Ra4 Kb7 54. Rb4 g6 55. Re2 f5 56. g5 hxg5 57. hxg5 Rc5 58. Rd2 f4+
59. Kg2 Kc6 60. Rdb2 Rb7 61. a4 Rd5 62. R4b3 Rb8 63. Rb4 Rd4 64. Rb5 Rd5 65.
Rxd5 Kxd5 66. Rb5+ Kd6 67. a5 Kc6 68. Rxe5 b5 69. Re6+ Kc5 70. Rxg6 b4 71. Rb6
Ra8 72. Kh3 Rxa5 73. Rb8 Kc4 74. Kg4 b3 75. g6 Ra1 76. Kxf4 Rg1 77. Kf5 Kc3 78.
f4 b2 79. Kf6 Rg4 80. f5 Rb4 81. Rxb4 Kxb4 82. g7 b1=Q 83. g8=Q Qa1+ 84. Kf7
Qa7+ 85. Kg6 Qg1+ 86. Kh7 Qh2+ 87. Kg7 Qg3+ 88. Kf7 Qc7+ 89. Kf6 Qc3+ 90. Kg6
Qg3+ 1/2-1/2

[Event "Portugal op"]
[Site "Oeiras POR"]
[Date "2015.09.03"]
[Round "7"]
[White "Spraggett, Kevin"]
[Black "Campora, Daniel"]
[Result "1/2-1/2"]
[WhiteElo "2545"]
[BlackElo "2448"]
[PlyCount "78"]
[EventDate "2015.08.30"]
[EventType "swiss"]
[EventRounds "9"]
[EventCountry "POR"]
[Source "Chessbase"]
[SourceDate "2015.09.11"]

1. c4 c5 2. g3 g6 3. Bg2 Bg7 4. e3 Nc6 5. Nc3 e5 6. d3 d6 7. Qd2 Nge7 8. b3 O-O
9. Bb2 a6 10. Nge2 Rb8 11. O-O Bd7 12. h3 h5 13. Kh2 Be6 14. Nd5 Nf5 15. Rae1
Nce7 16. Bc3 Nxd5 17. cxd5 Bd7 18. b4 Re8 19. Ra1 b6 20. Rfc1 Qe7 21. Bb2 Nh6
22. bxc5 dxc5 23. e4 h4 24. Rf1 hxg3+ 25. fxg3 f6 26. Ng1 Nf7 27. Nf3 Nd6 28.
Qe2 Rec8 29. Nd2 b5 30. Rac1 Rc7 31. h4 Rbc8 32. Bh3 Bxh3 33. Kxh3 c4 34. dxc4
Nxc4 35. Nxc4 Rxc4 36. Rxc4 Rxc4 37. Rc1 Qd7+ 38. Kg2 Rxc1 39. Bxc1 f5 1/2-1/2

[Event "Portugal op"]
[Site "Oeiras POR"]
[Date "2015.09.04"]
[Round "8"]
[White "Spraggett, Kevin"]
[Black "Viterbo Ferreira, Jorge Joao"]
[Result "1/2-1/2"]
[WhiteElo "2545"]
[BlackElo "2447"]
[PlyCount "91"]
[EventDate "2015.08.30"]
[EventType "swiss"]
[EventRounds "9"]
[EventCountry "POR"]
[Source "Chessbase"]
[SourceDate "2015.09.11"]

1. c4 c5 2. Nc3 g6 3. g3 Bg7 4. Bg2 Nc6 5. e3 d6 6. Nge2 h5 7. h3 Nh6 8. d3 Bd7
9. b3 a6 10. Bb2 b5 11. Qd2 O-O 12. Rd1 Rb8 13. O-O Nf5 14. Kh2 Nb4 15. f4 e5
16. Rde1 Re8 17. e4 Nd4 18. Bc1 bxc4 19. bxc4 h4 20. g4 exf4 21. Nxf4 Nbc6 22.
Ncd5 Ne5 23. Ne2 Nxe2 24. Rxe2 Be6 25. Ref2 Bxd5 26. exd5 Rb1 27. Qc2 Rb7 28.
Kh1 Qe7 29. Be4 Reb8 30. Kg2 Kh7 31. g5 Kg8 32. Re2 Rb1 33. Qd2 Ra1 34. Qf4
Rbb1 35. d4 Rxc1 36. Rxc1 Rxc1 37. dxe5 Rxc4 38. exd6 Qd7 39. Bf5 Rxf4 40. Bxd7
Bf8 41. Re7 Kg7 42. Bc8 c4 43. Bxa6 c3 44. Rc7 Bxd6 45. Rxc3 Rf5 46. Bb7
1/2-1/2

[Event "Portugal op"]
[Site "Oeiras POR"]
[Date "2015.09.05"]
[Round "9"]
[White "Greenfeld, Alonso"]
[Black "Spraggett, Kevin"]
[Result "1/2-1/2"]
[WhiteElo "2535"]
[BlackElo "2545"]
[PlyCount "99"]
[EventDate "2015.08.30"]
[EventType "swiss"]
[EventRounds "9"]
[EventCountry "POR"]
[Source "Chessbase"]
[SourceDate "2015.09.11"]

1. Nf3 Nf6 2. c4 e6 3. Nc3 c5 4. g3 a6 5. Bg2 Qc7 6. O-O d6 7. b3 Be7 8. d4
cxd4 9. Nxd4 Bd7 10. Bb2 Nc6 11. Rc1 Nxd4 12. Qxd4 O-O 13. Rfd1 Rfd8 14. h3 h6
15. Qe3 Be8 16. Kh2 Rab8 17. b4 Bf8 18. Ba1 Rbc8 19. b5 Nd7 20. Ne4 axb5 21.
cxb5 Qb8 22. f4 d5 23. Nf2 Rxc1 24. Rxc1 Rc8 25. Ng4 Rxc1 26. Qxc1 h5 27. Ne5
Nf6 28. a4 Qa7 29. Qd1 h4 30. Bd4 hxg3+ 31. Kxg3 Qa5 32. e3 Ne4+ 33. Kh2 f6 34.
Nf3 Bd6 35. Qc2 Bd7 36. h4 Kf7 37. Bh3 Ke7 38. Qg2 Kf8 39. Qc2 Qc7 40. Qxc7
Bxc7 41. Ne1 Nd2 42. Nd3 b6 43. Nb4 Nf3+ 44. Kg2 Nxd4 45. exd4 Bxf4 46. Nxd5
exd5 47. Bxd7 Ke7 48. Bc6 Be3 49. Bxd5 Bxd4 50. h5 1/2-1/2

[Event "ESP-Tch Div Honor"]
[Site "Linares ESP"]
[Date "2015.08.21"]
[Round "7.3"]
[White "Spraggett, Kevin"]
[Black "Nisipeanu, Liviu D"]
[Result "0-1"]
[WhiteElo "2545"]
[BlackElo "2667"]
[PlyCount "110"]
[EventDate "2015.08.15"]
[EventType "team"]
[EventRounds "7"]
[EventCountry "ESP"]
[Source "Chessbase"]
[SourceDate "2015.08.28"]
[WhiteTeam "Barcelona Escola"]
[BlackTeam "Merida Patrimonio Humanidad"]
[WhiteTeamCountry "ESP"]
[BlackTeamCountry "ESP"]

1. e4 c5 2. Nf3 e6 3. d4 cxd4 4. Nxd4 Nc6 5. Nc3 Qc7 6. g3 a6 7. Bg2 h5 8. h3
Nf6 9. O-O Bc5 10. Nxc6 bxc6 11. Bf4 e5 12. Bg5 d6 13. Qf3 Nd7 14. Rad1 Nf8 15.
Na4 Ne6 16. Bc1 Ba7 17. b3 h4 18. g4 Bb7 19. c3 Rd8 20. Rfe1 a5 21. Bf1 O-O 22.
Be3 Bxe3 23. Qxe3 Nf4 24. Qb6 Qe7 25. Qxa5 g6 26. Re3 f5 27. f3 fxe4 28. fxe4
Ne6 29. Bg2 Nf4 30. c4 d5 31. cxd5 cxd5 32. Nc5 Ra8 33. Qb6 Rxa2 34. Bf1 Rf6
35. Qb5 Bc6 36. Qb4 d4 37. Qc4+ Kh7 38. Rf3 Qa7 39. b4 Ra3 40. Rb3 Be8 41. Rxa3
Qxa3 42. Qb3 Qxb3 43. Nxb3 Rb6 44. Nd2 Rxb4 45. Nf3 Ba4 46. Rd2 Bb5 47. Bg2
Rb1+ 48. Kh2 Be2 49. Nxe5 d3 50. Nc4 Rc1 51. Ne3 Kg7 52. e5 Kf7 53. Be4 Ke6 54.
Ng2 Kxe5 55. Bxd3 Bf3 0-1